000 00684nam a2200217 i 4500
001 bg
100 1 _aSADKOWSKI, Bogusław
245 1 0 _a"Dar Młodzieży" :
_bporadnik obsługi ożaglowania /
_cBogusław Sadkowski.
260 _aGdynia :
_bWydaw. Uczelniane WSM [Wyższej Szkoły Morskiej],
_c1998.
300 _a103 s. :
_brys. ;
_c21 cm.
504 _aBibliogr. s. 102-103.
650 9 _aDar Młodzieży (żaglowiec)
_xobsługa i eksploatacja
655 _aPodręczniki
020 _a8386703490
_z83-867703-49-0
040 _cBPK
041 0 _apl
080 _a629.53.004.54(438)(07)
920 _a83-86703-49-0
942 _cKS
008 s pl f |000 0 pol
999 _c34203
_d34203
856 _uhttp://koha.tu.koszalin.pl/cgi-bin/koha/opac-detail.pl?biblionumber=34203
_yKatalog online BPK